|
|
|
|
| LEADER |
00000nam0a2200000 4500 |
| 001 |
268970 |
| 005 |
20231031224323.0 |
| 035 |
|
|
|a (RuTPU)RU\TPU\book\292126
|
| 090 |
|
|
|a 268970
|
| 100 |
|
|
|a 20140911d1986 m y0rusy50 ca
|
| 101 |
0 |
|
|a rus
|
| 102 |
|
|
|a RU
|
| 105 |
|
|
|a a z 000ay
|
| 200 |
1 |
|
|a Вся его жизнь: три повести об одной судьбе
|e повести
|
| 210 |
|
|
|a Москва
|c Современник
|d 1986
|
| 215 |
|
|
|a 252 с.
|c ил.
|
| 225 |
1 |
|
|a Новинки "Современника"
|
| 333 |
|
|
|a Исключено из фонда НТБ ТПУ
|
| 700 |
|
1 |
|a Холендро
|b Д. М.
|g Дмитрий Михайлович
|
| 702 |
|
1 |
|a Байкухаметов
|b С.
|4 340
|
| 801 |
|
1 |
|a RU
|b 63413507
|c 20140911
|
| 801 |
|
2 |
|a RU
|b 63413507
|c 20220517
|g RCR
|
| 942 |
|
|
|c BK
|